000 00738nam a2200217Ii 4500
003 JO-AjNU
008 230605s9999||||xx |||||||||||||| ||und||
017 _a2007/6/1864
040 _aJO-AjNU
_bara
_erda
_cJO-AjNU
041 _aara
050 1 4 _aLB2805.A2838 2007
100 3 _aأبو الهيجاء،شيرين أحمد,
_eauthor
_921870
245 0 0 _aإدارة الجودة الشاملة في التعليم
250 _aط1
264 3 1 _aإربد:دار الكندي للنشر،2007
300 _a198ص
336 _atext
_btxt
_2rdacontent
337 _aunmediated
_bn
_2rdamedia
338 _avolume
_bnc
_2rdacarrier
650 4 _aإدارة الجودة الشاملة. المدارس-تنظيم و إدارة
_921871
999 _aA7671
_c11239
_d11239